<?xml version="1.0" encoding="UTF-8"?><marc:collection xmlns:marc="http://www.loc.gov/MARC21/slim">
  <marc:record>
    <marc:leader>00000nam##2200000za#4500</marc:leader>
    <marc:controlfield tag="001">9.615699</marc:controlfield>
    <marc:controlfield tag="003">CaOODSP</marc:controlfield>
    <marc:controlfield tag="005">20240527135427</marc:controlfield>
    <marc:controlfield tag="007">ta</marc:controlfield>
    <marc:controlfield tag="008">150406|2001||||xxc|||||     f|0| 0 eng|d</marc:controlfield>
    <marc:datafield tag="020" ind1=" " ind2=" ">
      <marc:subfield code="a">0-662-30813-1</marc:subfield>
    </marc:datafield>
    <marc:datafield tag="022" ind1=" " ind2=" ">
      <marc:subfield code="a">0576-6370</marc:subfield>
    </marc:datafield>
    <marc:datafield tag="040" ind1=" " ind2=" ">
      <marc:subfield code="a">CaOODSP</marc:subfield>
      <marc:subfield code="b">eng</marc:subfield>
    </marc:datafield>
    <marc:datafield tag="043" ind1=" " ind2=" ">
      <marc:subfield code="a">n-cn---</marc:subfield>
    </marc:datafield>
    <marc:datafield tag="086" ind1="1" ind2=" ">
      <marc:subfield code="a">CW69-1/105E</marc:subfield>
    </marc:datafield>
    <marc:datafield tag="110" ind1="2" ind2=" ">
      <marc:subfield code="a">Canadian Wildlife Service.</marc:subfield>
    </marc:datafield>
    <marc:datafield tag="245" ind1="1" ind2="0">
      <marc:subfield code="a">Status and population trends of the Razorbill in eastern North America / </marc:subfield>
      <marc:subfield code="c">by Gilles Chapdelaine et al. </marc:subfield>
    </marc:datafield>
    <marc:datafield tag="260" ind1=" " ind2=" ">
      <marc:subfield code="a">Ottawa - Ontario : </marc:subfield>
      <marc:subfield code="b">Environment Canada. </marc:subfield>
      <marc:subfield code="c">2001.</marc:subfield>
    </marc:datafield>
    <marc:datafield tag="300" ind1=" " ind2=" ">
      <marc:subfield code="a">21p. : </marc:subfield>
      <marc:subfield code="b">graphs, maps, references, tables ; </marc:subfield>
      <marc:subfield code="c">28 cm.</marc:subfield>
    </marc:datafield>
    <marc:datafield tag="490" ind1="1" ind2=" ">
      <marc:subfield code="a">Occasional paper - Canadian Wildlife Service</marc:subfield>
      <marc:subfield code="x">0576-6370</marc:subfield>
      <marc:subfield code="v">105</marc:subfield>
    </marc:datafield>
    <marc:datafield tag="500" ind1=" " ind2=" ">
      <marc:subfield code="a">"Razorbill Alca torda is one of the rarest breeding auks in North America... The largest concentrations of Razorbills breed on the Quebec North Shore and in coastal southern Labrador... Most of the large breeding colonies have some legislated protection... However, a number of real and potential threats to the population still persist--namely, incidental take in the Newfoundland murre hunt, reductions in forage fish populations, gill-net mortality, and the risk of oiling."--Abstract.</marc:subfield>
    </marc:datafield>
    <marc:datafield tag="520" ind1="3" ind2=" ">
      <marc:subfield code="a">Razorbill Alca torda is one of the rarest breeding auks in North America... The largest concentrations of Razorbills breed on the Quebec North Shore and in coastal southern Labrador... Most of the large breeding colonies have some legislated protection... However, a number of real and potential threats to the population still persist--namely, incidental take in the Newfoundland murre hunt, reductions in forage fish populations, gill-net mortality, and the risk of oiling.--Abstract</marc:subfield>
    </marc:datafield>
    <marc:datafield tag="546" ind1=" " ind2=" ">
      <marc:subfield code="a">Résumé en français</marc:subfield>
    </marc:datafield>
    <marc:datafield tag="563" ind1=" " ind2=" ">
      <marc:subfield code="a">Softcover</marc:subfield>
    </marc:datafield>
    <marc:datafield tag="590" ind1=" " ind2=" ">
      <marc:subfield code="a">01-35</marc:subfield>
      <marc:subfield code="b">2001-08-31</marc:subfield>
    </marc:datafield>
    <marc:datafield tag="690" ind1="0" ind2="7">
      <marc:subfield code="a">Birds</marc:subfield>
      <marc:subfield code="2">gcpds</marc:subfield>
    </marc:datafield>
    <marc:datafield tag="690" ind1="0" ind2="7">
      <marc:subfield code="a">Wildlife</marc:subfield>
      <marc:subfield code="2">gcpds</marc:subfield>
    </marc:datafield>
    <marc:datafield tag="690" ind1="0" ind2="7">
      <marc:subfield code="a">Nature conservation</marc:subfield>
      <marc:subfield code="2">gcpds</marc:subfield>
    </marc:datafield>
    <marc:datafield tag="720" ind1="1" ind2=" ">
      <marc:subfield code="a">Chapdelaine, Gilles</marc:subfield>
    </marc:datafield>
    <marc:datafield tag="776" ind1="0" ind2="#">
      <marc:subfield code="t">Status and population trends of the Razorbill in eastern North America / </marc:subfield>
      <marc:subfield code="w">(CaOODSP)9.570066</marc:subfield>
    </marc:datafield>
    <marc:datafield tag="830" ind1="#" ind2="0">
      <marc:subfield code="a">Occasional paper (Canadian Wildlife Service)</marc:subfield>
      <marc:subfield code="x">0576-6370</marc:subfield>
      <marc:subfield code="v">105</marc:subfield>
      <marc:subfield code="w">(CaOODSP)9.514489</marc:subfield>
    </marc:datafield>
  </marc:record>
</marc:collection>
